000 00547nam a2200157Ia 4500
008 100204s9999 xx 000 0 und d
082 _b26429
100 _aबसु सचिंद्र्रनाथ
245 _aजगदीशचंद्र बोस
260 _bनॅशनल बुक ट्रस्ट
_c2004/3
300 _a62
630 _aजगदीशचंद्र बोस
700 _aपाटील चंद्र्रकांत
730 _aजगदीशचंद्र बोस
942 _cBOOK
999 _c471607
_d471604